00766nam a2200193 a 4500003000200000005001700002008004100019050003300060100003000093245007800123260009300201300004000294504004100334650003200375650004100407650004800448650004500496650003100541020250227084541.0100826s19uu xx 00 eng d aPGS QA 76.9.C66b.Al357 2010 aAlday, Krystle Marteen E. aUses of electronic gadgets and social skills /cKrystle Marteen E. Alday. aLas Piñas City, Philippines : bSouthville International School and Colleges, c2010. a22 pages :billustrations ;c28 cm. aIncludes bibliographical references. aTechnologyvSocial aspects. aChildrenvUse of electronic devices. aEducational technologyvImpact on students. aInterpersonal relationships in children. aSocial skills in children.